<?xml version="1.0" encoding="utf-8"?>
<?xml-stylesheet type='text/xsl' href='./oai2.xsl'?>
<OAI-PMH xmlns="http://www.openarchives.org/OAI/2.0/" xmlns:xsi="http://www.w3.org/2001/XMLSchema-instance" xsi:schemaLocation="http://www.openarchives.org/OAI/2.0/ http://www.openarchives.org/OAI/2.0/OAI-PMH.xsd">
  <responseDate>2026-06-06T18:32:14Z</responseDate>
  <request verb="GetRecord" metadataPrefix="marcxml" identifier="record_kuniweb_21817">https://kulturerbe.niedersachsen.de/oai</request>
  <GetRecord>
    <record>
      <header>
        <identifier>record_kuniweb_21817</identifier>
        <datestamp>2015-06-19T12:07:43Z</datestamp>
        <setSpec>slg0103</setSpec>
      </header>
      <metadata>
        <marc:record xmlns:marc="http://www.loc.gov/MARC21/slim" xsi:schemaLocation="http://www.loc.gov/MARC21/slim http://www.loc.gov/standards/marcxml/schema/MARC21slim.xsd">
          <marc:leader>12345nem  22     uu 4500</marc:leader>
          <marc:controlfield tag="001">21817</marc:controlfield>
          <marc:controlfield tag="003">http://kuniweb.gbv.de</marc:controlfield>
          <marc:controlfield tag="005">2015-04-12T10:41:40</marc:controlfield>
          <marc:controlfield tag="008">|           ||||||||||||||||||||||</marc:controlfield>
          <marc:datafield tag="245" ind1="1" ind2="0">
            <marc:subfield code="a">Ducatus Brunsvicensis in eiusdem tres Principatus Calenbergicum scilicet et Grubenhagensem (sub Electoro B.L. Hannoverano) et in Guelpherbitanum (sub Duce B.L. Guelpherbitano) distincte divisi ... accurata tabula</marc:subfield>
          </marc:datafield>
          <marc:datafield tag="700" ind1="1" ind2=" ">
            <marc:subfield code="a">Dauthendey</marc:subfield>
            <marc:subfield code="e">Vorbild / Ideengeber</marc:subfield>
          </marc:datafield>
          <marc:datafield tag="700" ind1="1" ind2=" ">
            <marc:subfield code="a">Homann</marc:subfield>
            <marc:subfield code="e">Hersteller</marc:subfield>
          </marc:datafield>
          <marc:datafield tag="655" ind1=" " ind2="7">
            <marc:subfield code="a">Karten</marc:subfield>
          </marc:datafield>
          <marc:datafield tag="046" ind1=" " ind2=" ">
            <marc:subfield code="k">1707</marc:subfield>
            <marc:subfield code="k">zwischen 1707 und 1715</marc:subfield>
            <marc:subfield code="l">1715</marc:subfield>
          </marc:datafield>
          <marc:datafield tag="260" ind1=" " ind2=" ">
            <marc:subfield code="g">1707</marc:subfield>
            <marc:subfield code="g">1715</marc:subfield>
            <marc:subfield code="g">zwischen 1707 und 1715</marc:subfield>
          </marc:datafield>
          <marc:datafield tag="300" ind1=" " ind2=" ">
            <marc:subfield code="a">Höhe: 48 cm
Breite: 56,5 cm</marc:subfield>
          </marc:datafield>
          <marc:datafield tag="520" ind1=" " ind2=" ">
            <marc:subfield code="a">Maßstäbe (in cm): 5 gewöhnliche deutsche Meilen zu 15 auf einen Grad = 6½ französische Meilen oder Wegstunden zu 20 auf einen Grad = 9,5
Ausrichtung: Norden
Rückseite: leer

Anmerkungen: 
Die Karten auf der Grundlage von Dauthendey sind zweifelsfrei an der falsch, nämlich fast  waagerecht von Osten nach Westen, eingezeichneten Aller zu erkennen. - Eckpunkte der Datierung sind die Veröffentlichung ber Schenk 1707 und die Ernennung Homanns zum Kaiserlichen Geographen 1715.

Veröffentlicht in:
zuerst im „Atlas von hundert Charten“, von und bei Johann Baptist Homann, Nürnberg 1712

Literatur in Zusammenhang:
C. Sandler, „Johann Baptista Homann, die Homännischen Erben, Matthäus Seutter und ihre Landkarten : Beiträge zur Geschichte d. Kartographie“. Meridian Publ. Co., Amsterdam, 1979. (S. 59 Nr. 74, S. 71, 96)

Literatur in Zusammenhang:
E. D. Hauber, „Nützlicher Discours, von dem gegenwärtigen Zustand der Geographie besonders in Teutschland : nebst einem Vorschlag zu noch fernerer Verbesserung derselben, ingleichem von der Wahl eines vollständigen und in rechter Ordnung verfaßten außerlesenen Atlantis ; und einer Verzeichnüß derer besten so wohl alter als neuer Land-Charten, sonderlich von Teutschland ; deme angefügt Zusätze und Verbesserungen zu seinem Versuch einer umständlichen Historie der Land-Charten“. Bartholomäi, Ulm, 1727. (S. 145 ff.)</marc:subfield>
          </marc:datafield>
          <marc:datafield tag="650" ind1="1" ind2=" ">
            <marc:subfield code="a">Landkarte</marc:subfield>
          </marc:datafield>
          <marc:datafield tag="773" ind1="0" ind2=" ">
            <marc:subfield code="t">Sammlung Körber-Einbeck</marc:subfield>
          </marc:datafield>
          <marc:datafield tag="852" ind1=" " ind2=" ">
            <marc:subfield code="a">Institut für Historische Landesforschung der Universität Göttingen</marc:subfield>
          </marc:datafield>
          <marc:datafield tag="" ind1=" " ind2=" ">
            <marc:subfield code="a">Namensnennung-Nicht kommerziell 4.0 International (CC BY-NC 4.0))</marc:subfield>
          </marc:datafield>
        </marc:record>
      </metadata>
    </record>
  </GetRecord>
</OAI-PMH>
